Chargement en cours...
कश्मीर का भविश्य
| Auteur principal: | |
|---|---|
| Autres auteurs: | |
| Format: | Printed Book |
| Publié: |
NEW DELHI
VANI PRAKASHAN
2011
|
| Édition: | 1 |
| Sujets: |
| LEADER | 00542nam a22001697a 4500 | ||
|---|---|---|---|
| 020 | |a 8170553350 | ||
| 082 | |a H 954.6 |b KAS | ||
| 100 | |a राजकिशोर | ||
| 245 | |a कश्मीर का भविश्य | ||
| 250 | |a 1 | ||
| 260 | |a NEW DELHI |b VANI PRAKASHAN |c 2011 | ||
| 300 | |a 163 | ||
| 650 | |a Kashmir ka bhavishya | ||
| 700 | |a Rajkishore | ||
| 942 | |c BK | ||
| 999 | |c 38776 |d 38776 | ||
| 952 | |0 0 |1 0 |4 0 |6 H_954_600000000000000_KAS |7 0 |8 Stack |9 41048 |a KUCL |b KUCL |c H |d 2016-03-21 |l 1 |o H 954.6 KAS |p 35952 |r 2016-05-17 |s 2016-04-11 |w 2016-03-21 |y BK | ||